000 00709nam a22002057a 4500
005 20241211121550.0
010 _aDEC24SC ENG-142955
020 _a9789355016577
_c450.00
035 _aEN-126487
037 _bDBAD
082 _a954
_21
100 _aBrijesh Singh
_974960
245 _aComprehensive Modern Indian History/
_cby Brijesh Singh
250 _a1
260 _aNew Delhi
_bS Chand and Company Limited
_c2023
270 _a A-27, 2nd Floor, Mohan Co-operative Industrial Estate
_bNew Delhi
_e110044
_minfo@schandpublishing.com
_k011-49731800
300 _axxxiv,406p.
_c23cm(pb)
500 _aFrom 1707 To The Modern Times (UPSC CSE Edition)
942 _2ddc
_cEN
_h954
_mBRI
_e1
999 _c207568
_d207568